000 00435nam a2200181Ia 4500
001 18073
005 20260306171604.0
008 260306s9999||||xx |||||||||||||| ||und||
041 _aESP
082 _a658.4
_bS16
100 _aSainz de Vicuña Ancín, José María
_eAUT
245 0 _aInnovar con éxito
260 _c2006
300 _a297 páginas :
_c21.5 cm.
650 _aGEN
654 _aCAN
942 _cLIB
_dJUS
_fJUS
_2ddc
_n
999 _c18073
_d18073